00458 2200193 4500001002100000005001500021035002000036007000300056008004100059020001800100082001000118084001600128100001200144245002900156260004400185856001700229990000900246990000900255INLIS00000000000103020220928091139 a0010-0922000311ta220928 g 0 ind  a9789791496155 a523.2 a523.2 MUL k0 aMulyadi1 aKreasiku seri tata surya aJakarta :bSinar cemerlang abadi,c2007 aKoleksi Umum a1630 a1631